000 00464nam a2200181Ia 4500
001 8547
005 20260306160617.0
008 260306t2001||||xx |||||||||||||| ||spa||
041 _aESP
082 _a371.102
_bY96 T. 2
100 _aYus Ramos, Rafael
_eAUT
245 0 _aEducación integral:
_buna educación holística para el siglo XXI
260 _c2001
300 _a267 páginas :
_c21 cm.
650 _aGEN
654 _aCED
942 _cLIB
_dJUS
_fJUS
_2ddc
_n
999 _c8547
_d8547